| 000 | 00771nam a22002297a 4500 | ||
|---|---|---|---|
| 010 | _aA-818986 | ||
| 035 | _aA-818986 | ||
| 037 | _aCen Lib/Ret | ||
| 040 |
_aDPL _bEN |
||
| 082 |
_aS _bDEF |
||
| 100 |
_aDefoe, Daniel _930221 |
||
| 245 |
_aThe adventures of robinson crusoe / _cby Daniel Defoe ; edited by Malvina G. Vogel |
||
| 260 |
_aNew York ; _bBaronet Books, _c1992 |
||
| 270 |
_aWaldman Publishing Corp _bNew York |
||
| 300 |
_a230p _b24cm(Hb) |
||
| 490 | _aGreat illustrated classics (New York, N.Y.) | ||
| 650 |
_aCrusoe, Robinson (Fictitious character) -- Fiction. _9114018 |
||
| 650 |
_aShipwrecks -- Juvenile fiction. _9114019 |
||
| 650 |
_aCastaways -- Juvenile fiction. _9114020 |
||
| 700 |
_aVogel, Malvina G. _930097 |
||
| 942 |
_2ddc _cEN _hS _mDEF |
||
| 999 |
_c136199 _d136199 |
||